Stolice Polskich województw - Statystyki

Ogólne statystyki
  • Ten quiz został rozwiązany 3 176 razy
  • Średni wynik to 16 z 18
Statystyki odpowiedzi
Wojewóctwo Stolica % Poprawnych
Pomorskie Gdańsk
98%
Mazowieckie Warszawa
98%
Łódzkie Łódż
97%
Małopolskie Kraków
95%
Lubelskie Lublin
95%
Opolskie Opole
94%
Zachodnio Pomorskie Szczecin
94%
Wielkopolskie Poznań
93%
Dolnośląskie Wrocław
91%
Podlaskie Białystok
90%
Śląskie Katowice
90%
Kujawsko-Pomorskie Bydgoszcz
87%
Kujawsko-Pomorskie Toruń
86%
Podkarpackie Rzeszów
82%
Lubuskie Zielona Góra
82%
ŚwiętoKrzyskie Kielce
80%
Warmińsko Mazurskie Olsztyn
80%
Lubuskie Gorzów Wielkopolski
74%
Nie znaleziono quizów pasujących do podanych kryteriów
Rozkład punktacji
Procent ludzi z każdym wynikiem
Percentyl według liczby udzielonych odpowiedzi
Twoja historia wyników
Nie rozwiązałeś tego quizu